| 000 | 00495 a2200169 4500 | ||
|---|---|---|---|
| 003 | OSt | ||
| 005 | 20240823110730.0 | ||
| 008 | 231019b |||||||| |||| 00| 0 eng d | ||
| 020 | _a9786030122615 | ||
| 040 | _coclc | ||
| 082 |
_a297 _bALA/A |
||
| 100 |
_aAlahi,Mashal Abdul Azeezil _910481 |
||
| 245 |
_aABDAU HAYATHIK MIN JADEED / _cMashal Abdul Azeezil Alahi |
||
| 260 |
_aDimashq: _bDarul Kalam, _c2021. |
||
| 300 | _a168p | ||
| 942 |
_2ddc _cBK _h297 _iALA/A _k297 _mALA/A |
||
| 999 |
_c42647 _d42647 |
||